Top 15 des pays avec les décès de Covid-19 - 25 avr 2021 - Statistiques

Statistiques générales
  • Ce quiz a été pris 47 fois
  • Le résultat moyen est 12 sur 24
Statistiques - réponses
pays % Correct
France
98%
Etats-Unis
95%
Russie
88%
Espagne
83%
Allemagne
79%
Italie
79%
Royaume-Uni
79%
Brésil
69%
Inde
67%
Mexique
67%
Pologne
60%
Argentine
55%
Belgique
52%
Iran
40%
Colombie
38%
Pérou
31%
Hongrie
24%
Slovaquie
19%
Tchèquie
19%
Bulgarie
17%
Croatie
14%
Slovénie
12%
Bosnie-Herzégovine
10%
Macédoine du Nord
5%
Aucun quiz correspondant
Distribution des résultats
% des personnes avec chaque résultat
Percentile par nombre de réponses
Votre historique - résultats
Vous n’avez pas pris ce quiz